| 000 | 00711cam a2200193 i 4500 | ||
|---|---|---|---|
| 020 | _a1133108660 (hardcover) | ||
| 020 | _a9781133108665 (hardcover) | ||
| 082 |
_a624.15 _bDAS _cL-38,P-121 |
||
| 100 | 1 |
_aDas, Braja M., _923492 |
|
| 245 | 1 | 0 |
_aPrinciples of geotechnical engineering / _cBraja M. Das, Dean Emeritus, California State University, Sacramento, Khaled Sobhan, Florida Atlantic University. |
| 250 | _a8th edition. | ||
| 260 |
_aIndia :. _bCengage Learning. _c2016. |
||
| 300 |
_axxi, 726 pages : _billustrations ; _c24 cm |
||
| 526 |
_a0 _b0 _c0 _d624_150000000000000_DAS |
||
| 650 | 0 | _aGeotechnical engineering. | |
| 650 | 0 | _aSoil mechanics. | |
| 700 |
_aKhaled Subhan. _951066 |
||
| 942 |
_2ddc _cBK |
||
| 999 |
_c553812 _d553812 |
||